|
|
|
|
| LEADER |
00000nab a2200000 a 4500 |
| 001 |
vtls000902974 |
| 003 |
SK-MaSNL |
| 005 |
20260426072751.0 |
| 008 |
040720e20000122xo 0 slo |
| 035 |
|
|
|a KE11944
|
| 040 |
|
|
|a KEVKJB
|b slo
|c KEVKJB
|e AACR2
|
| 041 |
0 |
|
|a slo
|
| 044 |
|
|
|a xo
|c SK
|
| 080 |
|
|
|a 329.14
|2 1981
|
| 080 |
|
|
|a 929
|2 1981
|
| 100 |
1 |
|
|a Némethová, Renáta
|4 aut
|9 826895
|
| 245 |
1 |
0 |
|a Nemôžem skákať zo strany do strany ako kamzík po skalách, odpovedal Pavol Mutafov na otázku, či nevstúpi do SDKU
|b Mečiara rozbolí brucho od smiechu nad hádkami politikov v SDK
|
| 300 |
|
|
|b 1 foto
|
| 590 |
|
|
|a Mutafov, Pavol
|b starosta, podpredseda SDSS
|
| 600 |
1 |
7 |
|a Mutafov, Pavol,
|d 1954-
|2 KEVKJB
|9 877656
|
| 610 |
2 |
7 |
|a Sociálnodemokratická strana Slovenska (Košice, Slovensko)
|2 KEVKJB
|9 877657
|
| 610 |
2 |
7 |
|a Slovenská demokratická a kresťanská únia (politická strana)
|2 KEVKJB
|9 39553
|
| 610 |
2 |
7 |
|a Slovenská demokratická koalícia (politická strana)
|2 KEVKJB
|9 38262
|
| 650 |
0 |
7 |
|a politické strany
|2 KEVKJB
|9 3589
|
| 650 |
0 |
7 |
|a vnútorná politika
|2 SNKPH
|9 970
|
| 651 |
|
7 |
|a Košice (Slovensko)
|2 KEVKJB
|9 18694
|
| 651 |
|
7 |
|a Slovensko
|2 SNKPHgeo
|9 14231
|
| 655 |
|
7 |
|a periodikum
|2 snkbucl
|9 29553
|
| 710 |
2 |
|
|a Sociálnodemokratická strana Slovenska (Košice, Slovensko)
|4 aut
|9 877657
|
| 710 |
2 |
|
|a Slovenská demokratická a kresťanská únia (politická strana)
|4 pbl
|9 39553
|
| 773 |
0 |
8 |
|t Korzár
|g Roč. 3, č.17, 22.1.2000, s. 3
|
| 852 |
|
|
|a ZVYKNI
|b KIS3GCP
|
| 999 |
|
|
|c 2691920
|d 2693850
|